000 00527nam a22002057a 4500
005 20250320152255.0
008 250320b |||||||| |||| 00| 0 eng d
020 _a9788131727409
_c1190.00
040 _aMAIN
041 _aEnglish
082 _a575.1
_bFAL
100 _aFalconer, Douglas S.
_925401
245 _aIntroduction to quantitative genetics
250 _a4th
260 _aNoida
_bPearson
_c2009
300 _a464
650 _aBiological Science
_914046
700 _aMackay, Trudy F.C.
_925402
942 _cBK
999 _c59504
_d59504